MARC

LEADER 00000nam0a2200000 4500
001 302043
005 20231102001449.0
035 |a (RuTPU)RU\TPU\book\327238 
090 |a 302043 
100 |a 20150818d1982 km y0rusy50 ca 
101 0 |a rus 
102 |a RU 
105 |a a z 001zy 
200 1 |a Технология струйного перемешивания и свойства мелкозернистого бетона  |f И. Н. Малый 
210 |a Саратов  |c Изд-во Саратовского ун-та  |d 1982 
215 |a 176 с.  |c ил. 
320 |a Библиогр.: с. 166-172 
606 1 |a Бетон легкий  |x Производство  |x Механизация  |2 stltpush  |3 (RuTPU)RU\TPU\subj\35505  |9 57171 
610 1 |a струйное перемешивание 
610 1 |a свойства 
610 1 |a мелкозернистые бетоны 
610 1 |a аэродинамические параметры 
610 1 |a смесители 
610 1 |a физико-механические свойства 
610 1 |a производственные испытания 
610 1 |a экономическая эффективность 
675 |a 666.973  |v 4 
700 1 |a Малый  |b И. Н.  |g Игорь Николаевич 
801 1 |a RU  |b 63413507  |c 20150818 
801 2 |a RU  |b 63413507  |c 20190402  |g RCR 
942 |c BK